Statystyki dla 50 największych miast grupy wyszehradzkiej

Kliknij tutaj aby rozwiązać quiz!

Ogólne statystyki

  • Ten quiz został rozwiązany 431 razy
  • Średni wynik to 30 z 50

Statystyki odpowiedzi

LudnośćKrajMiasto% Poprawnych
1 294 513CzechyPraga
99%
1 777 972PolskaWarszawa
99%
769 498PolskaKraków
98%
1 749 734WęgryBudapeszt
97%
464 829PolskaGdańsk
97%
641 607PolskaWrocław
97%
429 564SłowacjaBratysława
96%
982 979PolskaŁódź
96%
536 692PolskaPoznań
94%
403 833PolskaSzczecin
92%
295 449PolskaKatowice
90%
297 403PolskaBiałystok
89%
339 850PolskaLublin
89%
246 204PolskaGdynia
88%
352 313PolskaBydgoszcz
87%
190 849PolskaRzeszów
80%
202 482PolskaToruń
78%
196 335PolskaKielce
72%
213 910PolskaRadom
72%
140 113PolskaZielona Góra
72%
223 322PolskaCzęstochowa
71%
404 145CzechyBrno
68%
128 224PolskaOpole
68%
203 094PolskaSosnowiec
68%
124 177PolskaGorzów Wielkopolski
63%
173 784PolskaZabrze
63%
180 708PolskaGliwice
60%
290 450CzechyOstrawa
58%
239 141SłowacjaKoszyce
54%
120 403PolskaPłock
51%
108 668PolskaChorzów
48%
109 358PolskaTarnów
48%
171 277PolskaBielsko-Biała
47%
167 672PolskaBytom
44%
170 322CzechyPilzno
41%
128 049PolskaTychy
41%
113 100PolskaWałbrzych
41%
138 919PolskaRybnik
38%
120 777PolskaDąbrowa Górnicza
37%
120 568PolskaElbląg
37%
138 215PolskaRuda Śląska
36%
111 319PolskaWłocławek
31%
211 320WęgryDebreczyn
30%
167 754WęgryMiszkolc
16%
129 527WęgryGyor
14%
156 049WęgryPecz
13%
168 048WęgrySegedyn
11%
173 125PolskaOlztyn
6%
111 411WęgryKecskemet
2%
119 746WęgryNyiregyhaza
2%

Rozkład punktacji

Percentyl według liczby udzielonych odpowiedzi

Procent ludzi z każdym wynikiem

Twoja historia wyników

Nie rozwiązałeś tego quizu